| 000 | 00402nam a22001457a 4500 | ||
|---|---|---|---|
| 999 |
_c533822 _d533822 |
||
| 020 | _a9788126517022 | ||
| 082 | _a537.622 SZE 2007 | ||
| 100 | _aS.M.Sze & Kwok k. Ng | ||
| 245 |
_aPhysics of Semiconductor Devices _cS.M.Sze & Kwok k. Ng |
||
| 250 | _63rd. | ||
| 260 |
_aIndia _bWiley _c2007 |
||
| 300 |
_a815p. _bPb. _fBook |
||
| 942 |
_2ddc _cBK |
||